| 000 | 00548nam a2200193 4500 | ||
|---|---|---|---|
| 005 | 20260305151124.0 | ||
| 008 | 260305b |||||||| |||| 00| 0 eng d | ||
| 020 | _a978-93-93285-77-5 | ||
| 040 |
_aNational Science Library _cNational Science Library |
||
| 080 |
_a81.DAS _bQ5 |
||
| 100 |
_aDaas, Shyamsundar _913290 |
||
| 245 | _aभाषा विज्ञान | ||
| 246 | _aBhasha vigyan | ||
| 260 |
_aNew Delhi: _bShivank Prakashan, _c2025 |
||
| 300 | _a288p. | ||
| 365 |
_b595.00 _cINR |
||
| 650 | _aHindi literature | ||
| 942 |
_2udc _cHBK |
||
| 999 |
_c67852 _d67852 |
||